| 000 | 00464nam a2200169 a 4500 | ||
|---|---|---|---|
| 005 | 20140310183138.0 | ||
| 008 | 020824s19uu xx 00 eng d | ||
| 050 |
_aHF 5415 _b.M491 2000 |
||
| 100 | _aMedina, Roberto G. | ||
| 245 |
_aPrinciples of Marketing / _cRoberto G. Medina. |
||
| 260 |
_aQuezon City : _bRex Book Store, _c2000. |
||
| 300 |
_a197 p. : _bill. ; _c22 cm. |
||
| 521 | _aBSBA | ||
| 650 | _aMarketing. | ||
| 942 |
_cBK _2lcc _kLOC |
||
| 999 |
_c19327 _d19327 |
||